00727nam a2200241 a 4500001001300000003000900013005001700022008004100039020002200080082001500102100002200117245001900139260005400158300000900212500003500221505002400256650002500280700002200305902000800327942000700335952012600342999001700468nice12345678IN_TiNIC20260116014206.0050524s2000 newa grp 000 0 eng  a8174353 c6300a297.5bDAR aDar, Bashir Ahmad aQuranic Ethics aNew Delhi bAdam Publisher and Distributer c2000 a102p aincludes index and biblioraphy2 aBibliography, Index aIslam-Moral Theology1 aDar, Bashir Ahmad bSRS cBK 001040708StackRoom-aHMIbHMId2007-07-03g63.00l2o297.5 DARp021052r2019-03-22s2019-03-19v63.00w2005-05-24yBK c14256d14256